Life in the treetops : (Record no. 1473)

000 -LEADER
fixed length control field 01418nam a22003977a 4500
001 - CONTROL NUMBER
control field 2617775
003 - CONTROL NUMBER IDENTIFIER
control field OSt
005 - DATE AND TIME OF LATEST TRANSACTION
control field 20210426063514.0
008 - FIXED-LENGTH DATA ELEMENTS--GENERAL INFORMATION
fixed length control field 981019s1999 ctuab 001 0aeng
010 ## - LIBRARY OF CONGRESS CONTROL NUMBER
LC control number 98048691
020 ## - INTERNATIONAL STANDARD BOOK NUMBER
International Standard Book Number 0300078188 (cloth : alk. paper)
040 ## - CATALOGING SOURCE
Original cataloging agency DLC
Transcribing agency DLC
Modifying agency DLC
Language of cataloging eng
041 ## - LANGUAGE CODE
Language code of text/sound track or separate title eng
043 ## - GEOGRAPHIC AREA CODE
Geographic area code u-at---
050 00 - LIBRARY OF CONGRESS CALL NUMBER
Classification number QH31.L79
Item number A3 1999
080 ## - UNIVERSAL DECIMAL CLASSIFICATION NUMBER
Universal Decimal Classification number 577.4
Item number L-95
082 00 - DEWEY DECIMAL CLASSIFICATION NUMBER
Classification number 577.34/092
-- B
Edition number 21
100 1# - MAIN ENTRY--PERSONAL NAME
Personal name Lowman, Margaret.
245 10 - TITLE STATEMENT
Title Life in the treetops :
Remainder of title adventures of a woman in field biology /
Statement of responsibility, etc. / by: Yale University Press
260 ## - PUBLICATION, DISTRIBUTION, ETC.
Place of publication, distribution, etc. New Haven, CT
Name of publisher, distributor, etc. Yale University Press
Date of publication, distribution, etc. 1999.
300 ## - PHYSICAL DESCRIPTION
Extent xvi, 219 p.
Other physical details ill., maps
Dimensions 22 cm.
500 ## - GENERAL NOTE
General note Map of canopy sites on end papers.
500 ## - GENERAL NOTE
General note Includes index.
600 10 - SUBJECT ADDED ENTRY--PERSONAL NAME
Personal name Lowman, Margaret.
650 #0 - SUBJECT ADDED ENTRY--TOPICAL TERM
Topical term or geographic name entry element Ecologists
Geographic subdivision Australia
Form subdivision Biography.
650 #0 - SUBJECT ADDED ENTRY--TOPICAL TERM
Topical term or geographic name entry element Ecology
9 (RLIN) 690
650 #0 - SUBJECT ADDED ENTRY--TOPICAL TERM
Topical term or geographic name entry element Women ecologists
Geographic subdivision Australia
Form subdivision Biography.
650 #0 - SUBJECT ADDED ENTRY--TOPICAL TERM
Topical term or geographic name entry element Rain forest ecology.
650 #0 - SUBJECT ADDED ENTRY--TOPICAL TERM
Topical term or geographic name entry element Forest canopy ecology.
653 ## - INDEX TERM--UNCONTROLLED
Uncontrolled term ეკოლოგია
856 4# - ELECTRONIC LOCATION AND ACCESS
Materials specified Table of Contents
Uniform Resource Identifier <a href="http://lcweb.loc.gov/catdir/toc/98048691.html">http://lcweb.loc.gov/catdir/toc/98048691.html</a>
906 ## - LOCAL DATA ELEMENT F, LDF (RLIN)
a 7
b cbc
c orignew
d 1
e ocip
f 19
g y-gencatlg
942 ## - ADDED ENTRY ELEMENTS (KOHA)
Source of classification or shelving scheme
Koha item type Books
Holdings
Withdrawn status Lost status Source of classification or shelving scheme Damaged status Not for loan Permanent location Current location Date acquired Inventory number Total Checkouts Full call number Barcode Date last seen Price effective from Koha item type
          Ken Walker International University Ken Walker International University 02/17/2021 532   577.4 L-95 532 02/17/2021 02/17/2021 Books

Powered by Koha